000 02221cam a22004814i 4500
003 PE-LiUPU
005 20250731172826.0
008 150617s1899 pau r 000 0 eng d
035 _a(Sirsi) a15120
040 _aPE-LiUPU
_bspa
_cPE-LiUPU
_erda
049 _aPRUA
082 0 4 _a270.682
_bN49
_221
100 1 _aNewman, Albert Henry,
_d1852-1933,
_eautor.
245 1 2 _aA manual of church history /
_cAlbert Henry Newman.
264 1 _aPhiladelphia :
_bTHe American Baptist Publication Society,
_c1899.
300 _a681 páginas ;
_c20 centímetros
336 _atext
_2rdacontent
337 _aunmediated
_2rdamedia
338 _avolume
_2rdacarrier
505 0 _aObservations on the study of church history, and preparation for Christ and christianity -- From the birth of Christ to the end of the apostolic Age -- from the end of the apostolic Age to the conversion of Constantine -- From the conversion of Constantine to the founding of the holy roman empire by Charlemagne -- From the coronation of Charlemagne as Roman emperor to the outbreak of the protestant revolution.
526 _aSEG42
526 _aSEG41
526 _aSEG40
526 _aSEG39
526 _aP94
526 _aP87
526 _aP86
526 _aP85
526 _aP77
526 _aP76
526 _aP35
650 1 4 _aIglesia
_xHistoria.
910 _ajck
_bjvq
_cjck
_d20150616
942 _2ddc
_cBOOK
949 _a270.682 N49
_wDEWEY
_c1
_i22110
_lCCODEBUL1
_mBUL
_p00.00
_r0
_sY
_tBOOK
_u19831201
_xTEOLOGIA
_PP35
_0COMPRA
_o.STAFF. Colección General
949 _a270.682 N49
_wDEWEY
_c2
_i01271
_lCCODEBUL1
_mBUL
_p00.00
_r0
_sY
_tBOOK
_u19831201
_xTEOLOGIA
_PP35
_0COMPRA
_o.STAFF. Colección General
994 _aC0
_bPEPRU
596 _a1
999 _a270.682 N49
_wDEWEY
_c5674
_i22110
_f2021-11-12
_g6
_lCCODEBUL1
_mBUL
_p35.00
_r0
_sY
_tBOOK
_u2015-6-17
_xTEOLOGIA
_PP35
_0COMPRA
_o.STAFF. Colección Teología
_d5674
999 _a270.682 N49
_wDEWEY
_c2
_i01271
_d2015-10-22
_e2015-10-21
_f2021-11-12
_g6
_lCCODEBUL1
_mBUL
_n1
_p35.00
_r0
_sY
_tBOOK
_u2015-6-17
_xTEOLOGIA
_PP35
_0COMPRA
_o.STAFF. Colección Teología
980 _81
_gALBERTO SANCHEZ Responsable de Automatización